|
|
|
|
| LEADER |
01497nam a2200385 a 4500 |
| 001 |
EBC3019941 |
| 003 |
MiAaPQ |
| 005 |
20200520144314.0 |
| 006 |
m o d | |
| 007 |
cr cn||||||||| |
| 008 |
081231s2009 nyuad sb 001 0 eng d |
| 010 |
|
|
|z 2008055220
|
| 020 |
|
|
|z 9781606929148 (hardcover)
|
| 020 |
|
|
|a 9781617282133 (electronic bk.)
|
| 035 |
|
|
|a (MiAaPQ)EBC3019941
|
| 035 |
|
|
|a (Au-PeEL)EBL3019941
|
| 035 |
|
|
|a (CaPaEBR)ebr10674949
|
| 035 |
|
|
|a (OCoLC)923661830
|
| 040 |
|
|
|a MiAaPQ
|c MiAaPQ
|d MiAaPQ
|
| 043 |
|
|
|a n-us---
|
| 050 |
|
4 |
|a HG3755
|b .C74 2009
|
| 082 |
0 |
4 |
|a 368/.0920973
|2 22
|
| 245 |
0 |
0 |
|a Credit-based insurance scores
|h [electronic resource] :
|b impacts on consumers of automobile insurance /
|c Martin H. Tarlingtona, editor.
|
| 260 |
|
|
|a Hauppauge, N.Y. :
|b Nova Science Publishers,
|c c2009.
|
| 300 |
|
|
|a 155 p. :
|b ill.
|
| 504 |
|
|
|a Includes bibliographical references and index.
|
| 533 |
|
|
|a Electronic reproduction. Ann Arbor, MI : ProQuest, 2015. Available via World Wide Web. Access may be limited to ProQuest affiliated libraries.
|
| 650 |
|
0 |
|a Consumer credit
|z United States.
|
| 650 |
|
0 |
|a Credit scoring systems
|z United States.
|
| 650 |
|
0 |
|a Discrimination in insurance
|z United States.
|
| 650 |
|
0 |
|a Automobile insurance
|z United States.
|
| 655 |
|
4 |
|a Electronic books.
|
| 700 |
1 |
|
|a Tarlingtona, Martin H.
|
| 710 |
2 |
|
|a ProQuest (Firm)
|
| 856 |
4 |
0 |
|u https://ebookcentral.proquest.com/lib/matrademy/detail.action?docID=3019941
|z Click to View
|